Nice de A à Z - Statistiques

Statistiques générales
  • Ce quiz a été pris 251 fois
    242 depuis la dernière actualisation
  • Le résultat moyen est 8 sur 26
Statistiques - réponses
Lettre Réponse Indice % Correct
B Baie des Anges La célèbre baie qui borde la Promenade des Anglais.
85%
E Christian Estrosi Homme politique et maire de Nice
85%
M Massena Nom de la place emblématique de Nice, au sol en damier noir et blanc, cœur de la ville.
79%
N Nice Etoile Centre commercial majeur au cœur de Nice.
71%
F Fenocchio Glacier artisanal réputé du Vieux-Nice, connu pour ses parfums insolites.
57%
K Yves Klein Artiste niçois célèbre pour son “bleu Klein” devenu iconique.
54%
A Avenue Jean Médecin Artère principale commerçante du centre-ville.
51%
V Vieux Nice Centre historique et touristique de la ville.
47%
L Le Negresco Hôtel mythique de Nice, symbole du luxe et de la Côte d’Azur.
45%
P Promenade des Anglais Célèbre front de mer emblématique de Nice.
39%
C Colline du Château Parc offrant une vue panoramique sur Nice et la baie.
30%
Q Fabio Quartararo Pilote français de MotoGP, premier champion du monde français dans la discipline (2021).
28%
S Stade Allianz Riviera Stade moderne pour le sport et événements.
20%
G Gambetta Quartier dynamique proche du centre et de la mer.
19%
R Riquier Quartier historique et densément peuplé.
18%
T Théâtre de Verdure Espace culturel et musical en plein air.
16%
Y Yacht Club de Nice Club nautique historique du port, initiales YCN
14%
U Université Côte d’Azur Institution académique majeure.
12%
Z Zeste de citron Ingrédient emblématique de la gastronomie niçoise et méditerranéenne, utilisé dans de nombreux plats et desserts locaux, comme la socca ou les spécialités aux agrumes.
12%
O Opéra de Nice Bâtiment historique et culturel du centre-ville.
9%
D Dôme de Nice (Cathédrale Sainte-Réparate) Joyau baroque du Vieux-Nice, sur la place Rossetti, dédié à la sainte patronne de la ville.
7%
H Hippodrome du Var Ancien lieu culte de la ville de Nice pour faire place à l'aéroport
2%
I Place {Île de Beauté} Place historique et agréable à vivre dans le quartier du port, au style architectural néoclassique.
2%
J Jardin Albert 1er Parc central historique de Nice.
1%
X Xiamen Ville chinoise jumelée avec Nice, symbole des échanges culturels et économiques.
1%
W Barney Wilen Saxophoniste de jazz niçois célèbre, ayant collaboré avec Miles Davis et Chet Baker.
0%
Aucun quiz correspondant
Distribution des résultats
% des personnes avec chaque résultat
Percentile par nombre de réponses
Votre historique - résultats
Vous n’avez pas pris ce quiz depuis la dernière actualisation